|
|
|
|
| LEADER |
00000cam a2200000 c 4500 |
| 001 |
165137208X |
| 003 |
DE-627 |
| 005 |
20251225205915.0 |
| 007 |
tu |
| 008 |
901120s1990 xx ||||| 00| ||fre c |
| 020 |
|
|
|a 2262006512
|9 2-262-00651-2
|
| 035 |
|
|
|a (DE-627)165137208X
|
| 035 |
|
|
|a (DE-576)02233680X
|
| 035 |
|
|
|a (DE-599)BSZ02233680X
|
| 035 |
|
|
|a (OCoLC)21570901
|
| 035 |
|
|
|a (DE-604)8044120818
|
| 040 |
|
|
|a DE-627
|b ger
|c DE-627
|e rakwb
|
| 041 |
|
|
|a fre
|
| 082 |
0 |
|
|a 944.044
|
| 084 |
|
|
|a NO 3200
|2 rvk
|0 (DE-625)rvk/127188:
|
| 084 |
|
|
|a 15.35
|2 bkl
|
| 100 |
1 |
|
|a Sédillot, René
|d 1906-1999
|0 (DE-588)170057658
|0 (DE-627)060076569
|0 (DE-576)163093547
|4 aut
|
| 109 |
|
|
|a Sédillot, René 1906-1999
|
| 245 |
1 |
3 |
|a Le coût de la terreur
|c René Sédillot
|
| 264 |
|
1 |
|a Paris
|b Perrin
|c 1990
|
| 300 |
|
|
|a 297 S.
|
| 336 |
|
|
|a Text
|b txt
|2 rdacontent
|
| 337 |
|
|
|a ohne Hilfsmittel zu benutzen
|b n
|2 rdamedia
|
| 338 |
|
|
|a Band
|b nc
|2 rdacarrier
|
| 490 |
0 |
|
|a Collection "Vérités et légendes"
|
| 583 |
1 |
|
|a Archivierung prüfen
|c 20200919
|f DE-640
|z 1
|2 pdager
|
| 689 |
0 |
0 |
|d s
|0 (DE-588)4018183-2
|0 (DE-627)104767936
|0 (DE-576)208923136
|a Französische Revolution
|2 gnd
|
| 689 |
0 |
1 |
|a z
|2 gnd
|a Geschichte 1792-1794
|
| 689 |
0 |
|
|5 (DE-627)
|
| 689 |
1 |
0 |
|d s
|0 (DE-588)4046565-2
|0 (DE-627)104501553
|0 (DE-576)209070099
|a Politische Verfolgung
|2 gnd
|
| 689 |
1 |
1 |
|d s
|0 (DE-588)4018183-2
|0 (DE-627)104767936
|0 (DE-576)208923136
|a Französische Revolution
|2 gnd
|
| 689 |
1 |
2 |
|d s
|0 (DE-588)4032579-9
|0 (DE-627)106261193
|0 (DE-576)20899758X
|a Kosten
|2 gnd
|
| 689 |
1 |
|
|5 (DE-627)
|
| 936 |
r |
v |
|a NO 3200
|b Einzelbeiträge
|k Geschichte
|k Zeitalter der Amerikanischen und Französischen Revolution sowie Napoleons (bis 1815)
|k Geschichte der Französischen Revolution (1789 - 1799)
|k Einzelbeiträge
|0 (DE-627)1271157659
|0 (DE-625)rvk/127188:
|0 (DE-576)201157659
|
| 936 |
b |
k |
|a 15.35
|j Europäische Geschichte 1789-1815
|q coli-conc RVK->BK
|q https://coli-conc.gbv.de/api/mappings/fd9f5d26-9b3a-4a45-865d-b9895c960c64
|0 (DE-627)181570963
|
| 951 |
|
|
|a BO
|
| ELC |
|
|
|b 1
|
| LOK |
|
|
|0 000 xxxxxcx a22 zn 4500
|
| LOK |
|
|
|0 001 3346507750
|
| LOK |
|
|
|0 003 DE-627
|
| LOK |
|
|
|0 004 165137208X
|
| LOK |
|
|
|0 005 20151016135150
|
| LOK |
|
|
|0 008 901120||||||||||||||||ger|||||||
|
| LOK |
|
|
|0 040
|a DE-21
|c DE-627
|d DE-21
|
| LOK |
|
|
|0 852
|a DE-21
|
| LOK |
|
|
|0 852 1
|c KB 18 A 7194
|9 00
|
| LOK |
|
|
|0 866
|x French Revolution
|
| LOK |
|
|
|0 935
|a krim
|
| LOK |
|
|
|0 939
|a 20-11-90
|b l01
|
| ORI |
|
|
|a SA-MARC-krimdoka001.raw
|
| SIG |
|
|
|a UB: KB 18 A 7194
|
| TIM |
|
|
|a 100017920101_100017941231
|b Geschichte 1792-1794
|